| 000 | 01455nam a22002897a 4500 | ||
|---|---|---|---|
| 999 |
_c118429 _d118429 |
||
| 003 | dpl | ||
| 005 | 20190502120716.0 | ||
| 008 | 190502b ||||| |||| 00| 0 eng d | ||
| 010 | _aA-955320 | ||
| 020 |
_c250.00 _a8187342013 |
||
| 035 | _aA-955320, A-955324 | ||
| 037 | _bCen Lib/Ret | ||
| 040 |
_aDPL _bHN _c0 |
||
| 082 |
_a306.95413 _bशर्माडी |
||
| 100 |
_aशर्मा, डी.डी. _980114 |
||
| 245 |
_aहिमालय की विस्मयभूमि : लाहुल : _cडी.डी.शर्मा _bसामाजिक एवं सांस्कृतिक सन्दर्भ / |
||
| 246 |
_aHimalaye ki vismaybhumi : lahul : samajik ewam sanskritik sandarbh / _bby D.D.Sharma |
||
| 260 |
_aसोलन _bइरा प्रकाशन _c1998 |
||
| 270 |
_bहिमाचल प्रदेश _aपंत कुटीर, लक्कड़ बाज़ार _e173212 |
||
| 300 |
_a264पृ. _c20सेमी(सजिल्द) |
||
| 500 | _aसंदर्भ शामिल | ||
| 650 |
_aभौगोलिक परिवेश -- प्राकृतिक स्थान _980115 |
||
| 650 |
_aऐतिहासिक पृष्ठभूमि -- हिमालय _980116 |
||
| 650 |
_aGeographical environment - natural location _980117 |
||
| 650 |
_aHistorical background - Himalayas _980118 |
||
| 942 |
_2ddc _cHN _h306.95413 _mशर्माडी |
||